00470 a2200157 4500010001400000020002300014035001300037037001500050082001200065100002300077245006900100260004000169270005800209300002600267500001900293 aENG-88479 a8178802538c600.00 aEN-72012 bDBAD / PUB14a371.3351 aLaurence, James C.1 aImpact of digital technology on education/cby James C. Laurence aNew DelhibRajat Publicationsc2006 a4675/21, Ansari Road, Darya Ganj,bNew Delhie110 002 av, 281p.c22cm (Hb ) aIncludes index